|
|
|
|
| LEADER |
00000nam a2200000Ii 4500 |
| 001 |
DIGUPERCA0103 |
| 003 |
NyNyDIG |
| 006 |
m o d |
| 007 |
cr ||||||||||| |
| 008 |
220421s2021 pe a ob 000 0 spa d |
| 035 |
|
|
|a (OCoLC)1313666896
|
| 040 |
|
|
|a DGITA
|b eng
|e rda
|e pn
|c DGITA
|
| 020 |
|
|
|a 9786123183097
|q eBook
|q pdf
|
| 020 |
|
|
|a 9786123183080
|q eBook
|q ePub
|
| 020 |
|
|
|z 9786123183073
|
| 050 |
1 |
4 |
|a PN171.F56 ebook
|
| 082 |
0 |
4 |
|a 808.027
|
| 100 |
1 |
|
|a Arias Chávez, Dennis,
|d 1982-
|e author.
|
| 245 |
1 |
0 |
|a Investigar y escribir con APA 7 /
|c Dennis Arias Chávez y Luis Miguel Cangalaya Sevillano.
|
| 250 |
|
|
|a Primera edición.
|
| 264 |
|
1 |
|a Lima, Perú :
|b Editorial UPC,
|c [2021]
|
| 300 |
|
|
|a 1 online resource :
|b illustrations.
|
| 336 |
|
|
|a text
|b txt
|2 rdacontent
|
| 337 |
|
|
|a computer
|b c
|2 rdamedia
|
| 338 |
|
|
|a online resource
|b cr
|2 rdacarrier
|
| 347 |
|
|
|a text file
|2 rdaft
|
| 347 |
|
|
|b PDF
|
| 504 |
|
|
|a Includes bibliographical references.
|
| 588 |
0 |
|
|a Online resource; title from PDF title page (Digitalia, viewed April 21, 2022)
|
| 650 |
|
0 |
|a Academic writing.
|
| 650 |
|
0 |
|a Bibliographical citations.
|
| 650 |
|
0 |
|a Research
|x Study and teaching.
|
| 650 |
|
0 |
|a Authorship.
|
| 655 |
|
0 |
|a Electronic books.
|
| 700 |
1 |
|
|a Cangalaya Sevillano, Luis,
|e author.
|
| 791 |
2 |
|
|a Digitalia (Firm),
|e distributor.
|
| 793 |
0 |
|
|g Digitalia eBook Collection:
|a Universidad Peruana de Ciencias Aplicadas
|
| 776 |
0 |
8 |
|i Print version:
|a Arias Chávez, Dennis, 1982-
|t Investigar y escribir con APA 7.
|b Primera edición.
|d Lima, Perú : Editorial UPC, [2021]
|z 9786123183073
|
| 856 |
4 |
0 |
|3 Digitalia Hispánica
|u https://www.digitaliapublishing.com/a/81544/
|
| 910 |
|
|
|a Premium collection: 2022
|